Catálogo

QUE DEBEMOS SABER? : (Registro nro. 25791)

Detalles MARC
000 -LEADER
fixed length control field 00507nam a2200181 a 4500
001 - CONTROL NUMBER
control field 25791
005 - DATE AND TIME OF LATEST TRANSACTION
control field 20180713224210.0
008 - FIXED-LENGTH DATA ELEMENTS--GENERAL INFORMATION
fixed length control field 140415s1957 000 0 spa d
041 ## - LANGUAGE CODE
Language code of text/sound track or separate title spa
082 ## - DEWEY DECIMAL CLASSIFICATION NUMBER
Classification number 172.1
Item number MAS
100 1# - MAIN ENTRY--PERSONAL NAME
Personal name MASFERRER, ALBERTO
245 10 - TITLE STATEMENT
Title QUE DEBEMOS SABER? :
Remainder of title CARTAS A UN OBRERO
250 ## - EDITION STATEMENT
Edition statement 4a ed.
260 ## - PUBLICATION, DISTRIBUTION, ETC.
Place of publication, distribution, etc. [s.l.] :
Name of publisher, distributor, etc. DEPARTAMENTO EDITORIAL DEL MINISTERIO DE CULTURA,
Date of publication, distribution, etc. 1957
300 ## - PHYSICAL DESCRIPTION
Extent 83
490 ## - SERIES STATEMENT
Series statement BIBLIOTECA POPULAR
Volume/sequential designation 17
650 14 - SUBJECT ADDED ENTRY--TOPICAL TERM
Topical term or geographic name entry element ETICA SOCIAL
Existencias
Withdrawn status Lost status Source of classification or shelving scheme Damaged status Not for loan Collection code Home library Current library Shelving location Date acquired Source of acquisition Inventory number Total Checkouts Full call number Barcode Date last seen Date last checked out Price effective from Koha item type
    Dewey Decimal Classification     General Biblioteca Karol Wojtyla Biblioteca Karol Wojtyla Sala general 03/12/2013 Compra 151000000000000000062965   172.1 MAS 4800 05/01/2026 22/01/2015 03/12/2013 Libro